<?xml version="1.0" encoding="UTF-8"?><?xml-stylesheet type="text/xsl" href="static/style.xsl"?><OAI-PMH xmlns="http://www.openarchives.org/OAI/2.0/" xmlns:xsi="http://www.w3.org/2001/XMLSchema-instance" xsi:schemaLocation="http://www.openarchives.org/OAI/2.0/ http://www.openarchives.org/OAI/2.0/OAI-PMH.xsd"><responseDate>2026-04-14T17:27:53Z</responseDate><request verb="GetRecord" identifier="oai:uvadoc.uva.es:10324/57714" metadataPrefix="marc">https://uvadoc.uva.es/oai/request</request><GetRecord><record><header><identifier>oai:uvadoc.uva.es:10324/57714</identifier><datestamp>2022-12-12T20:05:32Z</datestamp><setSpec>com_10324_38</setSpec><setSpec>col_10324_852</setSpec></header><metadata><record xmlns="http://www.loc.gov/MARC21/slim" xmlns:doc="http://www.lyncode.com/xoai" xmlns:xsi="http://www.w3.org/2001/XMLSchema-instance" xmlns:dcterms="http://purl.org/dc/terms/" xsi:schemaLocation="http://www.loc.gov/MARC21/slim http://www.loc.gov/standards/marcxml/schema/MARC21slim.xsd">
<leader>00925njm 22002777a 4500</leader>
<datafield tag="042" ind1=" " ind2=" ">
<subfield code="a">dc</subfield>
</datafield>
<datafield tag="720" ind1=" " ind2=" ">
<subfield code="a">Hernández Martín, Pablo</subfield>
<subfield code="e">author</subfield>
</datafield>
<datafield tag="260" ind1=" " ind2=" ">
<subfield code="c">2022</subfield>
</datafield>
<datafield tag="520" ind1=" " ind2=" ">
<subfield code="a">La lengua oral es forma básica de la comunicación en los primeros cursos de la Educación&#xd;
Primaria. El alumnado tiene que saber expresarse y comunicar para poder desenvolverse&#xd;
en la sociedad. La enseñanza debe interesarse por la lengua que posee el niño en su&#xd;
comunicación diaria. Las destrezas lingüísticas orales –hablar, escuchar y dialogar–&#xd;
deben desarrollarse en situaciones que estimulen la comunicación oral. En el análisis del&#xd;
habla de niños y niñas de primer curso de Educación Primaria, por lo que respecta al nivel&#xd;
fónico, el alumnado emplea frecuentemente muletillas y alargamientos; en el nivel&#xd;
gramatical, el alumnado tiene dificultades para formar oraciones en diversas situaciones,&#xd;
y en el nivel léxico-semántico, el alumnado posee vocabulario específico en función de&#xd;
los intereses y el ambiente social en el que crece</subfield>
</datafield>
<datafield tag="024" ind2=" " ind1="8">
<subfield code="a">https://uvadoc.uva.es/handle/10324/57714</subfield>
</datafield>
<datafield tag="245" ind1="0" ind2="0">
<subfield code="a">La competencia comunicativa oral en primer curso de educación primaria</subfield>
</datafield>
</record></metadata></record></GetRecord></OAI-PMH>